000 00322 a2200157 4500
001 179805
020 _a
040 _cMagnum
100 _aSetubal, Paulo
240 1 0 _aO romance da prata
_lpor
245 1 0 _aO romance da prata
362 0 _a1899
440 1 _aSaraiva
697 _aMAGNITO: A/ROMANCE
942 _cBK
999 _c179805
_d179805